000 02192cam a22003378i 4500
999 _c3208
_d3208
001 .b2363151x
003 OSt
005 20231107100059.0
008 180807s2019 nyu 6 000 1 eng
010 _a2018037724
020 _a9780385539241
_q(hardback)
040 _aDLC
_beng
_cDLC
_erda
_dKH8
042 _anbic
082 _a813.54 ATW
100 1 _aAtwood, Margaret,
_d1939-
_eauthor.
245 1 4 _aThe handmaid's tale:
_bThe Graphic Novel /
_cMargaret Atwood ; art & adaptation, Renee Nault.
250 _aFirst edition.
260 _aNew York :
_bNan A. Talese,
_c[2019]
300 _a1 v. (unpaged) :
_billustrations ;
_c25 cm.
520 _a"Margaret Atwood's best-loved novel has taken the world by storm again. Riding high on bestseller lists for months and the basis for Hulu's Emmy and Golden Globe Award-winning smash hit series, The Handmaid's Tale is everywhere--and it's primed for a stunning new graphic novel adaptation. The story is iconic: In the Republic of Gilead, a Handmaid named Offred lives in the home of the Commander, to the purpose that she become pregnant with his child. Stripped of her most basic freedoms, (work, property, her own name), Offred remembers a different time, not so long ago, when she was valuable for more than her viable ovaries, when she was mother to a daughter she could keep, and when she and her husband lived and loved as equals. Darkly prescient, scathingly sarcastic, and eminently frightening, The Handmaid's Tale has only gained relevance since it was originally published, and remains one of the most powerful, widely read stories of our times. This illustrated edition is a must-have for Atwood's growing legions of fans"--
_cProvided by publisher.
600 1 0 _aAtwood, Margaret,
_d1939-
_tHandmaid's tale
_vAdaptations.
650 0 _aMisogyny
_vComic books, strips, etc.
650 0 _aWomen
_vComic books, strips, etc.
650 7 _aCOMICS & GRAPHIC NOVELS / Literary.
_2bisacsh.
650 7 _aCOMICS & GRAPHIC NOVELS / Science Fiction.
_2bisacsh.
655 0 _aGraphic novels.
655 7 _aFantasy fiction.
_2gsafd.
655 7 _aDystopias.
_2gsafd.
700 1 _aNault, Renee,
_eartist,
_eadapter.
942 _2ddc
_cTR